Statistics for Which Capital City is the Most Populated?

Click here to take the quiz!

General Stats

  • This quiz has been taken 44 times
  • The average score is 15 of 18

Answer Stats

QuestionAnswer% Correct
Which capital city is the most populated?Moscow
100%
Which capital city is the most populated?Amman
97%
Which capital city is the most populated?London
97%
Which capital city is the most populated?Mexico City
97%
Which capital city is the most populated?Tehran
97%
Which capital city is the most populated?New Delhi
94%
Which capital city is the most populated?Mogadishu
92%
Which capital city is the most populated?Skopje
92%
Which capital city is the most populated?Tokyo
89%
Which capital city is the most populated?Luanda
83%
Which capital city is the most populated?Manila
78%
Which capital city is the most populated?Stockholm
78%
Which capital city is the most populated?Zagreb
75%
Which capital city is the most populated?Bogota
72%
Which capital city is the most populated?Lome
67%
Which capital city is the most populated?Praia
61%
Which capital city is the most populated?Andorra La Vella
47%
Which capital city is the most populated?Santo Domingo
39%

Score Distribution

Percentile by Number Answered

Percent of People with Each Score

Your Score History

You have not taken this quiz